| 000 | 00601nam a2200229Ia 4500 | ||
|---|---|---|---|
| 003 | OSt | ||
| 005 | 20220918192238.0 | ||
| 006 | a|||||r|||| 00| 0 | ||
| 007 | ta | ||
| 008 | 220917b |||||||| |||| 00| 0 eng d | ||
| 024 | _a67,611 | ||
| 037 | _cTextual | ||
| 040 |
_aARTS _cARTS _beng |
||
| 041 |
_2eng _aeng |
||
| 082 | _aR3xM37:1, J4 | ||
| 100 |
_aSpir A _978730 |
||
| 245 | 0 | _aRight and wrong tr by Alexander Frederick Falconer | |
| 260 | _c1954 | ||
| 490 | _aSt. Andrews University publications; 51 | ||
| 942 |
_hR3xM37:1, J4 _cTEXL _2CC |
||
| 999 |
_c193844 _d193844 |
||